[Event "SR 4. liga A21 2017/2018"]
[Site "?"]
[Date "2017.10.15"]
[Round "2.3"]
[White "Brath, Zdeno"]
[Black "Pisecky, Jan"]
[Result "1-0"]
[WhiteElo "1533"]
[BlackElo "1335"]
[PlyCount "83"]
[EventDate "2017.??.??"]

1. e4 e5 2. Bc4 Nf6 3. d3 d5 4. exd5 Nxd5 5. Nf3 Nc6 6. h3 f6 7. O-O g5 8. Nxg5
h5 9. Ne4 f5 10. Bxd5 fxe4 11. Bxe4 Qf6 12. Nc3 Bg4 13. hxg4 hxg4 14. Qxg4 Ne7
15. f4 Rh4 16. Qg3 O-O-O 17. Qf3 c6 18. Be3 Bg7 19. f5 Rdh8 20. Kf2 Bh6 21. Ke2
a6 22. Na4 Bxe3 23. Qxe3 Nd5 24. Bxd5 Rxa4 25. Be6+ Kc7 26. c4 Rb4 27. Qd2 c5
28. b3 Rh2 29. Kf3 Qh4 30. Qe3 Qh5+ 31. Kf2 Kd6 32. Qf3 Qh4+ 33. Ke2 Ke7 34.
Bd5 Kf6 35. Rf2 Qd4 36. Rd1 Qb2+ 37. Rd2 Qa1 38. g4 Rxf2+ 39. Qxf2 Qd4 40. Qh4+
Kg7 41. Qe7+ Kh6 42. Qf6+ 1-0

[Event "SR 4. liga A21 2017/2018"]
[Site "?"]
[Date "2017.10.15"]
[Round "2.4"]
[White "Valigursky, Michal"]
[Black "Zajicek, Ferdinand"]
[Result "0-1"]
[WhiteElo "1669"]
[BlackElo "1806"]
[PlyCount "58"]
[EventDate "2017.??.??"]

1. e4 c5 2. Nf3 Nc6 3. d4 cxd4 4. Nxd4 g6 5. c4 Bg7 6. Be3 Nf6 7. Nc3 O-O 8.
Be2 a6 9. O-O d6 10. f4 Qb6 11. Qd2 Nxe4 12. Nxe4 Bxd4 13. Bxd4 Nxd4 14. Kh1
Bf5 15. Ng3 Rac8 16. b3 Rcd8 17. Bd3 Bxd3 18. Qxd3 e5 19. f5 d5 20. Rae1 dxc4
21. Qxc4 Rc8 22. Qd5 Rc5 23. Qe4 Qc6 24. Qg4 Kh8 25. Qh4 Rc2 26. Re4 Rxa2 27.
Qh6 Rg8 28. f6 Nf5 29. Qh3 Nxg3+ 0-1

[Event "SR 4. liga A21 2017/2018"]
[Site "?"]
[Date "2017.10.15"]
[Round "2.4"]
[White "Kanka, Tomas"]
[Black "Klimes, Karel"]
[Result "1/2-1/2"]
[WhiteElo "1711"]
[BlackElo "1641"]
[PlyCount "56"]
[EventDate "2017.??.??"]

1. e4 e5 2. Nf3 Nc6 3. Bc4 Be7 4. d4 exd4 5. Nxd4 Nf6 6. Nxc6 dxc6 7. Qxd8+
Bxd8 8. O-O O-O 9. Bb3 Bg4 10. a4 Be7 11. Be3 Rfe8 12. f3 Bh5 13. Nc3 Bb4 14.
Ne2 Bd6 15. Nf4 Bg6 16. Nxg6 hxg6 17. Bc4 Nd7 18. Bd4 Be5 19. Rad1 Bxd4+ 20.
Rxd4 Nb6 21. Ba2 Rad8 22. Rfd1 Rxd4 23. Rxd4 Kf8 24. a5 c5 25. Rd2 Nc8 26. Rd7
Re7 27. Rd8+ Re8 28. Rd7 Re7 1/2-1/2

[Event "SR 4. liga A21 2017/2018"]
[Site "?"]
[Date "2017.10.15"]
[Round "2.4"]
[White "Wallner, Juraj"]
[Black "Kastler, Peter"]
[Result "1-0"]
[WhiteElo "1560"]
[BlackElo "1750"]
[PlyCount "55"]
[EventDate "2017.??.??"]

1. e4 e6 2. Nf3 d5 3. exd5 exd5 4. d4 Nf6 5. Be2 Bd6 6. Nc3 c6 7. Bg5 Bg4 8. h3
Bh5 9. Ne5 Bxe2 10. Qxe2 O-O 11. O-O-O Re8 12. f4 Nbd7 13. Qf3 Qc7 14. Bxf6
Nxf6 15. g4 Bb4 16. g5 Nd7 17. Ne2 Re6 18. Ng3 g6 19. c3 Bd6 20. h4 f6 21. gxf6
Rxf6 22. Qg4 Rd8 23. Nh5 Rf5 24. Nxg6 Rf7 25. Ne5+ Kf8 26. Nxf7 Nf6 27. Qg7+
Ke8 28. Nxf6+ 1-0

[Event "SR 4. liga A21 2017/2018"]
[Site "?"]
[Date "2017.10.15"]
[Round "2.4"]
[White "Papanek, Lubomir"]
[Black "Tomasovic, Roman"]
[Result "0-1"]
[WhiteElo "1641"]
[BlackElo "1559"]
[PlyCount "113"]
[EventDate "2017.??.??"]

1. e4 e5 2. Nf3 Nc6 3. d4 exd4 4. Bc4 h6 5. Nxd4 Bc5 6. Bxf7+ Kf8 7. Be3 Bxd4
8. Bc4 Bxb2 9. O-O Qf6 10. f4 Bd4 11. Bxd4 Qxd4+ 12. Qxd4 Nxd4 13. Na3 d6 14.
c3 Ne6 15. e5 Nc5 16. Nb5 Be6 17. Be2 dxe5 18. fxe5+ Ke7 19. Nxc7 Rc8 20. Nb5
Ne4 21. Bf3 Nd2 22. Bxb7 Nxf1 23. Bxc8 Bxc8 24. Rxf1 Ba6 25. Rb1 Bxb5 26. Rxb5
h5 27. Rb7+ Ke6 28. Rxa7 Ne7 29. a4 Rc8 30. a5 Rxc3 31. a6 Ra3 32. Ra8 Kxe5 33.
a7 Ke4 34. Kf2 g5 35. Rh8 Rxa7 36. Rxh5 Kf5 37. h3 Ng6 38. Rh6 Ra2+ 39. Kf1 Nh4
40. g3 Ng6 41. Rh7 Ne5 42. Rh8 Ke4 43. Rb8 Ra3 44. Rb4+ Kf3 45. Rb1 Kxg3 46.
Ke2 Kxh3 47. Rh1+ Kg4 48. Rg1+ Kf5 49. Rf1+ Kg6 50. Rf8 g4 51. Kf2 Rf3+ 52.
Rxf3 gxf3 53. Kg3 Kf5 54. Kf2 Kf4 55. Kf1 Ke3 56. Ke1 Nd3+ 57. Kf1 0-1

[Event "SR 4. liga A21 2017/2018"]
[Site "?"]
[Date "2017.10.15"]
[Round "2.5"]
[White "Sturdik, Igor"]
[Black "Podjavorinsky, Michal"]
[Result "1/2-1/2"]
[WhiteElo "1961"]
[BlackElo "1868"]
[PlyCount "91"]
[EventDate "2017.??.??"]

1. e4 Nf6 2. e5 Nd5 3. d4 d6 4. c4 Nb6 5. f4 dxe5 6. fxe5 Nc6 7. Be3 Bf5 8. Nc3
e6 9. Nf3 Be7 10. d5 Nb4 11. Rc1 exd5 12. a3 Nc2+ 13. Rxc2 Bxc2 14. Qxc2 Nxc4
15. Bxc4 dxc4 16. Qa4+ Qd7 17. Qxc4 Rd8 18. O-O Qd3 19. Qa4+ c6 20. Bxa7 O-O
21. Bb6 Ra8 22. Qe4 Qxe4 23. Nxe4 Bd8 24. Bc5 Re8 25. Nd6 Re7 26. Nc4 Rd7 27.
Nb6 Bxb6 28. Bxb6 Ra4 29. Ra1 h6 30. Kf2 g5 31. h3 Re4 32. Re1 Rc4 33. Re2 Kg7
34. Ba5 Rc1 35. Bc3 Kf8 36. Nd2 Rd1 37. Ne4 Re7 38. Rd2 Rxd2+ 39. Nxd2 Kg7 40.
g4 Kg6 41. Ne4 f5 42. gxf5+ Kxf5 43. Ke3 Ke6 44. Nf6 Kf5 45. Kd4 Rxe5 46. Ng4
1/2-1/2

[Event "SR 4. liga A21 2017/2018"]
[Site "?"]
[Date "2017.10.15"]
[Round "2.5"]
[White "Miciak, Emanuel"]
[Black "Valach, Peter"]
[Result "1-0"]
[WhiteElo "1872"]
[BlackElo "1786"]
[PlyCount "73"]
[EventDate "2017.??.??"]

1. d4 e6 2. c4 d5 3. Nf3 Nf6 4. Bg5 Nbd7 5. e3 Be7 6. Nc3 O-O 7. Bd3 h6 8. Bh4
b6 9. O-O Bb7 10. Rc1 dxc4 11. Bxc4 Ne4 12. Bxe7 Qxe7 13. Bd3 Ndf6 14. Nxe4
Nxe4 15. Qc2 Nf6 16. Qxc7 Qxc7 17. Rxc7 Bxf3 18. gxf3 Nd5 19. Rcc1 a6 20. a3 b5
21. Rc6 Rfc8 22. Rfc1 Ne7 23. Rxc8+ Rxc8 24. Rxc8+ Nxc8 25. a4 Na7 26. Kf1 Kf8
27. Ke1 Ke7 28. Kd2 Kd6 29. Kc3 Kc6 30. e4 Kb6 31. axb5 axb5 32. f4 g6 33. f5
e5 34. dxe5 Kc5 35. b4+ Kb6 36. f3 gxf5 37. e6 1-0

[Event "SR 4. liga A21 2017/2018"]
[Site "?"]
[Date "2017.10.15"]
[Round "2.5"]
[White "Karel, Jozef"]
[Black "Jancovicova, Petra"]
[Result "1/2-1/2"]
[WhiteElo "1764"]
[BlackElo "1686"]
[PlyCount "73"]
[EventDate "2017.??.??"]

1. e4 e5 2. f4 exf4 3. Nf3 Be7 4. Bc4 Bh4+ 5. Nxh4 Qxh4+ 6. Kf1 d6 7. d4 Ne7 8.
Qf3 O-O 9. Bxf4 Ng6 10. Bg3 Qg5 11. Nc3 Nc6 12. Qf2 Qf6 13. Qxf6 gxf6 14. Rd1
a6 15. Nd5 Be6 16. Nxf6+ Kg7 17. d5 Kxf6 18. dxe6 fxe6 19. Ke2 Ke7 20. c3 Nf4+
21. Bxf4 Rxf4 22. Ke3 Raf8 23. Be2 Ne5 24. h3 Rf2 25. Rhg1 Nd7 26. Rdf1 Rxf1
27. Rxf1 Rg8 28. Rf2 Rg5 29. Bf1 Rg6 30. Be2 Rf6 31. Rxf6 Kxf6 32. h4 h6 33.
Kf4 Nc5 34. b3 a5 35. g4 e5+ 36. Ke3 Ne6 37. Bf3 1/2-1/2

[Event "SR 4. liga A21 2017/2018"]
[Site "?"]
[Date "2017.10.15"]
[Round "2.5"]
[White "Podjavorinsky, Peter"]
[Black "Sulko, Vit"]
[Result "1/2-1/2"]
[WhiteElo "1661"]
[BlackElo "1670"]
[PlyCount "64"]
[EventDate "2017.??.??"]

1. e4 c5 2. Nf3 d6 3. Bc4 Bg4 4. h3 Bxf3 5. Qxf3 e6 6. O-O Nc6 7. c3 Nf6 8. Bb5
Rc8 9. d4 a6 10. Bxc6+ Rxc6 11. d5 Rc7 12. Be3 Be7 13. b4 O-O 14. bxc5 dxc5 15.
c4 exd5 16. cxd5 Re8 17. Nc3 b5 18. e5 Nd7 19. Bf4 Ra7 20. Ne4 h6 21. Rfe1 c4
22. Qg4 Kh8 23. Qh5 Kg8 24. Qg4 Kh8 25. Qh5 Kg8 26. Re3 Nf8 27. Rg3 Ng6 28.
Bxh6 gxh6 29. Rxg6+ fxg6 30. Qxg6+ Kh8 31. Qxh6+ Kg8 32. Qg6+ Kh8 1/2-1/2

[Event "SR 4. liga A21 2017/2018"]
[Site "?"]
[Date "2017.10.15"]
[Round "2.5"]
[White "Pinkas, Jan"]
[Black "Lanyi, Frantisek"]
[Result "0-1"]
[WhiteElo "1577"]
[BlackElo "1666"]
[PlyCount "68"]
[EventDate "2017.??.??"]

1. e4 e5 2. Nf3 Nc6 3. Bb5 Nf6 4. Nc3 d6 5. h3 Bd7 6. a3 a6 7. Bc4 b5 8. Ba2
Be6 9. d3 Bxa2 10. Rxa2 h6 11. b4 d5 12. exd5 Nxd5 13. Bb2 Nxc3 14. Bxc3 Qd5
15. Ra1 Bd6 16. O-O O-O 17. Re1 Rae8 18. Nh4 f5 19. Re3 f4 20. Re4 Be7 21. Nf3
Bf6 22. Nh2 Re6 23. Qf3 Rfe8 24. Qh5 Kh7 25. Rxf4 g6 26. Qf3 Qd8 27. Re4 Nd4
28. Qd1 Bg5 29. Nf3 Nxf3+ 30. Qxf3 Rf8 31. Qe2 Ref6 32. f3 Bf4 33. Bxe5 Bxe5
34. Rxe5 Qd4+ 0-1

[Event "SR 4. liga A21 2017/2018"]
[Site "?"]
[Date "2017.10.15"]
[Round "2.6"]
[White "Curidlo, Jan"]
[Black "Spacek, Oliver"]
[Result "0-1"]
[WhiteElo "1880"]
[BlackElo "2250"]
[PlyCount "74"]
[EventDate "2017.??.??"]

1. e4 c5 2. Nf3 a6 3. d4 cxd4 4. Nxd4 e6 5. a3 Nf6 6. Nc3 Qc7 7. Be2 b5 8. Be3
Bb7 9. f3 b4 10. axb4 Bxb4 11. Qd3 O-O 12. O-O Rc8 13. Na2 Bd6 14. h3 Nh5 15.
Rfd1 Bh2+ 16. Kf1 Ng3+ 17. Ke1 e5 18. Nf5 Nxf5 19. exf5 d5 20. Bf2 e4 21. fxe4
dxe4 22. Qb3 Nd7 23. c4 Re8 24. Qe3 Ne5 25. b3 Nd3+ 26. Kf1 Nxf2 27. Kxf2 Bf4
28. Qc3 Qc5+ 29. Qd4 Qxf5 30. Bg4 Qg5 31. Qd7 e3+ 32. Ke2 Qh4 33. Qxb7 Qf2+ 34.
Kd3 e2 35. Re1 Qe3+ 36. Kc2 Qd2+ 37. Kb1 Qxe1+ 0-1

[Event "SR 4. liga A21 2017/2018"]
[Site "?"]
[Date "2017.10.15"]
[Round "2.6"]
[White "Ocko, Martin"]
[Black "Sedlak, Rastislav"]
[Result "1-0"]
[WhiteElo "1981"]
[BlackElo "1675"]
[PlyCount "89"]
[EventDate "2017.??.??"]

1. e4 e5 2. Nf3 Nc6 3. Bb5 a6 4. Ba4 Nf6 5. d3 b5 6. Bb3 Be7 7. O-O O-O 8. Re1
d6 9. c3 Bg4 10. h3 Bh5 11. Nbd2 Na5 12. Bc2 c5 13. Nf1 Nc6 14. Ng3 Bg6 15. Nh4
Re8 16. Nhf5 Bf8 17. Bg5 Bxf5 18. Nxf5 h6 19. Be3 Ne7 20. Nh4 Nc6 21. Qf3 Nh7
22. Nf5 Ne7 23. Ng3 Ng6 24. Bb3 Qf6 25. Qg4 Kh8 26. Rf1 Nf4 27. Bxf4 exf4 28.
Nh5 Qg5 29. Bxf7 Re7 30. Bd5 Rd8 31. Nxf4 Qxg4 32. hxg4 Nf6 33. Ng6+ Kh7 34.
Nxe7 Bxe7 35. f3 Nxd5 36. exd5 Bh4 37. Kh2 Re8 38. Kh3 Bg5 39. Rae1 Re3 40.
Rxe3 Bxe3 41. Re1 Bd2 42. Re6 Bc1 43. b3 Bb2 44. Rxd6 Bxc3 45. Rxa6 1-0

[Event "SR 4. liga A21 2017/2018"]
[Site "?"]
[Date "2017.10.15"]
[Round "2.6"]
[White "Bardik, Jozef"]
[Black "Ulehla, Jakub"]
[Result "1/2-1/2"]
[WhiteElo "1854"]
[BlackElo "1653"]
[PlyCount "80"]
[EventDate "2017.??.??"]

1. d4 Nf6 2. c4 g6 3. Nc3 Bg7 4. e4 d6 5. f4 Nc6 6. Nf3 Bg4 7. Be2 e6 8. O-O
O-O 9. a3 a5 10. Rb1 d5 11. cxd5 exd5 12. e5 Ne4 13. Be3 Bf5 14. Bd3 Qd7 15.
Rc1 Rfd8 16. Ne2 Bf8 17. Qb3 Qc8 18. Bxe4 dxe4 19. Ng5 Be6 20. Nxe6 fxe6 21.
Rfd1 Ne7 22. Ng3 Nd5 23. Nxe4 Be7 24. Rd3 Rf8 25. g3 Ra6 26. Nc3 Nxe3 27. Rxe3
c5 28. d5 c4 29. Qd1 Bc5 30. Qd2 Rd8 31. d6 Qc6 32. Kf2 Bxe3+ 33. Qxe3 Rb6 34.
Qe2 Rb3 35. Rc2 b5 36. Ke1 b4 37. axb4 axb4 38. Nd1 Qh1+ 39. Qf1 Qe4+ 40. Qe2
Qh1+ 1/2-1/2

[Event "SR 4. liga A21 2017/2018"]
[Site "?"]
[Date "2017.10.15"]
[Round "2.6"]
[White "Hrdlicka, Martin"]
[Black "Siska, Kristof"]
[Result "1/2-1/2"]
[WhiteElo "1338"]
[BlackElo "1670"]
[PlyCount "94"]
[EventDate "2017.??.??"]

1. e4 e5 2. Nf3 Nc6 3. Bb5 a6 4. Ba4 Nf6 5. O-O d6 6. Re1 b5 7. Bb3 Be7 8. c3
O-O 9. d3 Na5 10. Bc2 c5 11. Nbd2 Bb7 12. Nf1 Qc7 13. Ng3 h6 14. d4 cxd4 15.
cxd4 Rac8 16. Re2 Rfe8 17. b3 Qc3 18. Rb1 exd4 19. Bb2 Qc7 20. Nxd4 Nc6 21. Rc1
Nb4 22. Bb1 Qd7 23. Qd2 Nc6 24. Ndf5 Rcd8 25. Nxh6+ gxh6 26. Qxh6 Qg4 27. Bxf6
Bxf6 28. Qxf6 Re6 29. Qf3 Qxf3 30. gxf3 Nd4 31. Re3 Rf6 32. Kg2 d5 33. Rd1 Nxf3
34. exd5 Nh4+ 35. Kf1 Bxd5 36. Be4 Bc4+ 37. Bd3 Rfd6 38. Ke2 Ng2 39. Rf3 Nf4+
40. Rxf4 Bxd3+ 41. Ke3 Bg6 42. Rxd6 Rxd6 43. Nf5 Bxf5 44. Rxf5 Re6+ 45. Kf3 Kg7
46. h4 Rc6 47. Re5 Rc3+ 1/2-1/2

[Event "SR 4. liga A21 2017/2018"]
[Site "?"]
[Date "2017.10.15"]
[Round "2.6"]
[White "Nedorost, Lubomir"]
[Black "Mudroch, Martin"]
[Result "1-0"]
[WhiteElo "1630"]
[BlackElo "1344"]
[PlyCount "41"]
[EventDate "2017.??.??"]

1. e4 c6 2. Nc3 d5 3. e5 Bf5 4. d4 e6 5. Bd3 Bxd3 6. Qxd3 Nd7 7. f4 c5 8. Nge2
Qb6 9. O-O O-O-O 10. a4 a6 11. a5 Qa7 12. Na4 Kb8 13. f5 cxd4 14. fxe6 fxe6 15.
Rf7 Ka8 16. Rxd7 Rxd7 17. Nb6+ Kb8 18. Nxd7+ Ka8 19. Nxf8 Ne7 20. Nxe6 g6 21.
N2xd4 1-0

[Event "SR 4. liga A21 2017/2018"]
[Site "?"]
[Date "2017.10.29"]
[Round "3.1"]
[White "Diviak, Rastislav"]
[Black "Vogl, Zdenek"]
[Result "1/2-1/2"]
[WhiteElo "1953"]
[BlackElo "1951"]
[PlyCount "85"]
[EventDate "2017.??.??"]

1. e4 e5 2. Nf3 Nc6 3. Bb5 a6 4. Ba4 b5 5. Bb3 Be7 6. O-O Nf6 7. Re1 O-O 8. c3
d6 9. h3 Na5 10. Bc2 c5 11. d4 Nc6 12. d5 Nb8 13. Nbd2 Re8 14. a4 Bb7 15. Nf1
Bf8 16. Ng3 g6 17. Bg5 Nbd7 18. Qd2 Nb6 19. b3 Be7 20. a5 Nbd7 21. Be3 Kh8 22.
Ng5 Kg7 23. f4 exf4 24. Bxf4 Ne5 25. Rf1 Nfd7 26. Rf2 h6 27. Bxe5+ Nxe5 28.
Rxf7+ Nxf7 29. Ne6+ Kh7 30. Nxd8 Raxd8 31. Rf1 Ne5 32. Ne2 Bg5 33. Nf4 Bc8 34.
Kh2 Rf8 35. g3 Rf7 36. h4 Be7 37. Kg2 Rdf8 38. Re1 Bxh4 39. Ne6 Nf3 40. Nxf8+
Rxf8 41. Qe3 Nxe1+ 42. Qxe1 Bf6 43. Bd1 1/2-1/2

[Event "SR 4. liga A21 2017/2018"]
[Site "?"]
[Date "2017.10.29"]
[Round "3.1"]
[White "Hrubsa, Marian"]
[Black "Celustkova, Lubica"]
[Result "1/2-1/2"]
[WhiteElo "1916"]
[BlackElo "1710"]
[PlyCount "65"]
[EventDate "2017.??.??"]

1. e4 c5 2. Nf3 Nc6 3. d4 cxd4 4. Nxd4 g6 5. Nc3 Bg7 6. Be3 Nf6 7. Be2 O-O 8.
O-O d5 9. exd5 Nb4 10. Qd2 Nbxd5 11. Nxd5 Nxd5 12. Bh6 Qb6 13. Bxg7 Kxg7 14. c4
Nf6 15. Qc3 a6 16. b4 Rd8 17. Rad1 Kg8 18. Qe3 Qc7 19. f4 Bg4 20. f5 Bxe2 21.
Qxe2 Rd7 22. fxg6 hxg6 23. c5 Rad8 24. Nb3 Rxd1 25. Rxd1 Rxd1+ 26. Qxd1 Ne4 27.
Qf3 f5 28. Qe3 Kg7 29. Qd4+ e5 30. Qd3 Qe7 31. Na5 Qg5 32. Nb3 Qe7 33. Na5
1/2-1/2

[Event "SR 4. liga A21 2017/2018"]
[Site "?"]
[Date "2017.10.29"]
[Round "3.1"]
[White "Trojkova, Michaela"]
[Black "Vepy, Ivan"]
[Result "0-1"]
[WhiteElo "1648"]
[BlackElo "1865"]
[PlyCount "146"]
[EventDate "2017.??.??"]

1. e4 e5 2. Nf3 Nc6 3. Bc4 Be7 4. d3 Nf6 5. c3 O-O 6. Nbd2 d6 7. h3 Bd7 8. Bb3
Na5 9. Bc2 c5 10. Nf1 b5 11. d4 exd4 12. cxd4 c4 13. Ng3 Nc6 14. O-O a5 15. Re1
Qc8 16. Ng5 g6 17. Nf3 Ne8 18. Bh6 Ng7 19. Bd2 Re8 20. b3 Nb4 21. bxc4 bxc4 22.
a3 Nxc2 23. Qxc2 Qa6 24. Rac1 Rec8 25. Re3 Ra7 26. Rc3 Rac7 27. Be3 a4 28. Ne2
Bd8 29. Qa2 Bb5 30. Nf4 Re7 31. e5 Ba5 32. R3c2 Nf5 33. Nd5 Rb7 34. Bg5 Bd8 35.
Nb4 Qa7 36. Bxd8 Rxd8 37. exd6 Rxd6 38. d5 Rf6 39. Nc6 Qc5 40. Na5 Rc7 41. Nxc4
Qxd5 42. Nfe5 Bxc4 43. Nxc4 Rfc6 44. Rd2 Nd4 45. Rcd1 Rxc4 46. Rxd4 Rxd4 47.
Qxd5 Rxd5 48. Rxd5 Rc3 49. Ra5 Rxa3 50. Kh2 Kg7 51. f3 Ra2 52. Kg3 a3 53. h4 h5
54. f4 Ra1 55. Kf2 a2 56. g3 Rh1 57. Rxa2 Rh2+ 58. Kf3 Rxa2 59. g4 Ra3+ 60. Kf2
hxg4 61. f5 gxf5 62. h5 Kh6 63. Kg2 Kxh5 64. Kf2 Kh4 65. Kg2 f4 66. Kf2 Ra2+
67. Kf1 g3 68. Ke1 f3 69. Kd1 f5 70. Kc1 f4 71. Kb1 Rh2 72. Kc1 Re2 73. Kd1 g2
0-1

[Event "SR 4. liga A21 2017/2018"]
[Site "?"]
[Date "2017.10.29"]
[Round "3.1"]
[White "Harasta, Marian"]
[Black "Buran, Andrej"]
[Result "1-0"]
[WhiteElo "1583"]
[BlackElo "1637"]
[PlyCount "83"]
[EventDate "2017.??.??"]

1. d4 d5 2. c4 e6 3. Qc2 Nf6 4. Nf3 Be7 5. Nc3 O-O 6. e3 c5 7. Bd3 Nc6 8. O-O
Nb4 9. Qd2 Nxd3 10. Qxd3 dxc4 11. Qxc4 cxd4 12. Nxd4 e5 13. Nde2 Be6 14. Qb5
Qc7 15. Rd1 a6 16. Qa4 b5 17. Qh4 b4 18. Nb1 Ng4 19. Qg3 Bd6 20. h3 Nh6 21. e4
Kh8 22. Be3 f5 23. Bxh6 gxh6 24. Qh4 fxe4 25. Qxh6 Rae8 26. Nd2 e3 27. Qxe3 e4
28. Rac1 Qg7 29. Nxe4 Rg8 30. N2g3 Bb8 31. b3 Ba7 32. Nc5 Bg4 33. Qd4 Bxd1 34.
Qxd1 Bxc5 35. Rxc5 Qe7 36. Qd4+ Qg7 37. Qxb4 Qa1+ 38. Kh2 Qxa2 39. Qd4+ Rg7 40.
Nf5 Reg8 41. Nxg7 Rxg7 42. Rc8# 1-0

[Event "SR 4. liga A21 2017/2018"]
[Site "?"]
[Date "2017.10.29"]
[Round "3.2"]
[White "Podjavorinsky, Michal"]
[Black "Curidlo, Jan"]
[Result "1-0"]
[WhiteElo "1868"]
[BlackElo "1880"]
[PlyCount "61"]
[EventDate "2017.??.??"]

1. e4 c5 2. Nc3 a6 3. d3 g6 4. g3 Bg7 5. Bg2 Nc6 6. Be3 d6 7. Qd2 Nf6 8. Bh6
O-O 9. Bxg7 Kxg7 10. Nge2 Qc7 11. Nf4 e6 12. h4 h5 13. Nce2 Qa5 14. c3 Rb8 15.
f3 e5 16. Nh3 Nh7 17. Nf2 Be6 18. g4 f5 19. gxh5 gxh5 20. Bh3 Rbe8 21. Rg1+ Kh8
22. Qh6 Qc7 23. Rg6 Qe7 24. O-O-O Nd8 25. Rdg1 Rg8 26. exf5 Bd5 27. f6 Rxg6 28.
Rxg6 Qf8 29. Rg7 Bg8 30. Bf5 Re7 31. Rxh7+ 1-0

[Event "SR 4. liga A21 2017/2018"]
[Site "?"]
[Date "2017.10.29"]
[Round "3.2"]
[White "Musaev, Urmat"]
[Black "Miciak, Emanuel"]
[Result "1-0"]
[WhiteElo "1786"]
[BlackElo "1872"]
[PlyCount "101"]
[EventDate "2017.??.??"]

1. e4 d6 2. Nc3 Nf6 3. Bc4 c6 4. d4 g6 5. Nf3 Bg7 6. O-O b5 7. Bd3 O-O 8. Bg5
Nbd7 9. Qd2 Qc7 10. Bh6 a6 11. Bxg7 Kxg7 12. Nh4 e5 13. Qg5 Kh8 14. f4 exf4 15.
Rxf4 Nh5 16. Rf3 Ndf6 17. h3 Qe7 18. g4 Ng7 19. Raf1 Ng8 20. Qxe7 Nxe7 21. Rxf7
Re8 22. Rf8+ Rxf8 23. Rxf8+ Ng8 24. Rf7 Be6 25. Rc7 c5 26. dxc5 dxc5 27. Rxc5
b4 28. Nd5 a5 29. Nf3 h6 30. Nd4 Bf7 31. Nb6 Rb8 32. Nd7 Rd8 33. Ne5 Bxa2 34.
Rxa5 Rxd4 35. Rxa2 Kh7 36. Nc6 b3 37. Ra6 bxc2 38. Bxc2 Rc4 39. Bd3 Rc1+ 40.
Kf2 Ne6 41. Ra7+ Kh8 42. Ne5 Nf8 43. b4 Nf6 44. b5 Rc3 45. b6 Rb3 46. b7 N6d7
47. Nxd7 Nxd7 48. Ke3 Nb8 49. Kd2 Nc6 50. Ra8+ Kg7 51. Rc8 1-0

[Event "SR 4. liga A21 2017/2018"]
[Site "?"]
[Date "2017.10.29"]
[Round "3.2"]
[White "Jancovicova, Petra"]
[Black "Musaev, Matej Elbek"]
[Result "0-1"]
[WhiteElo "1686"]
[BlackElo "1676"]
[PlyCount "94"]
[EventDate "2017.??.??"]

1. e4 c5 2. Nf3 d6 3. d4 cxd4 4. Nxd4 Nf6 5. Nc3 a6 6. Be2 e5 7. Nb3 Be6 8. Bg5
Be7 9. O-O h6 10. Be3 b5 11. Nd2 Nbd7 12. f3 O-O 13. a4 b4 14. Na2 a5 15. Bc4
Nb6 16. Bxe6 fxe6 17. c3 bxc3 18. Nxc3 Rb8 19. Nb5 Qd7 20. Bxb6 Rxb6 21. Nc4
Ra6 22. Qd2 Rfa8 23. Rfd1 Qc6 24. Rac1 Ne8 25. Kh1 Bg5 26. Ne3 Qb6 27. Rc3 Rd8
28. Qd3 Be7 29. Qc2 Raa8 30. Qb3 Kf7 31. Nc4 Qa6 32. Rcd3 Kf6 33. Qc3 g5 34. g3
Kg6 35. f4 Qb7 36. Re1 exf4 37. gxf4 Bf6 38. Qd2 d5 39. exd5 exd5 40. Ne5+ Kg7
41. fxg5 hxg5 42. Qg2 Rac8 43. h4 Kf8 44. hxg5 Bxe5 45. Rxe5 Qh7+ 46. Rh3 Qb1+
47. Qg1 Rc1 0-1

[Event "SR 4. liga A21 2017/2018"]
[Site "?"]
[Date "2017.10.29"]
[Round "3.2"]
[White "Sedlak, Rastislav"]
[Black "Lajda, Dusan"]
[Result "0-1"]
[WhiteElo "1675"]
[BlackElo "1772"]
[PlyCount "118"]
[EventDate "2017.??.??"]

1. e4 c5 2. Nf3 d6 3. d4 cxd4 4. Nxd4 Nf6 5. Nc3 g6 6. Bd3 Bg7 7. Nb3 O-O 8.
O-O Nc6 9. Bg5 Bd7 10. a4 Rc8 11. Qd2 Ne5 12. h3 Nc4 13. Bxc4 Rxc4 14. f3 Be6
15. Kh1 Nh5 16. Bh4 Bxc3 17. bxc3 f6 18. g4 Ng7 19. Nd4 Bd7 20. Rfb1 Qc8 21. a5
Rxc3 22. Rxb7 Rxf3 23. Nxf3 Qxb7 24. Qd5+ Qxd5 25. exd5 Rc8 26. Rb1 Rc3 27. Kg2
Rxc2+ 28. Bf2 Rc7 29. Rb8+ Kf7 30. Ra8 Bb5 31. Rxa7 Rxa7 32. Bxa7 Bc4 33. Kf2
Bxd5 34. Nd4 Ne6 35. Nxe6 Kxe6 36. Ke3 Bg2 37. h4 Kd5 38. Bb6 e5 39. a6 Kc6 40.
Bd8 f5 41. gxf5 gxf5 42. a7 Kd7 43. Bf6 Ba8 44. Kd3 f4 45. Bg5 Ke6 46. Bd8 h5
47. Bb6 Kf5 48. Ke2 d5 49. Bc7 Ke4 50. Kf2 Kf5 51. Ke2 e4 52. Kf2 d4 53. Ke2
Kg4 54. Bd8 f3+ 55. Kd2 e3+ 56. Kd3 f2 57. Ke2 d3+ 58. Kf1 d2 59. Ke2 d1=Q+ 0-1

[Event "SR 4. liga A21 2017/2018"]
[Site "?"]
[Date "2017.10.29"]
[Round "3.2"]
[White "Podjavorinsky, Peter"]
[Black "Siska, Kristof"]
[Result "1/2-1/2"]
[WhiteElo "1661"]
[BlackElo "1670"]
[PlyCount "70"]
[EventDate "2017.??.??"]

1. e4 e5 2. Nf3 Nc6 3. d4 exd4 4. Bc4 Bc5 5. Ng5 Ne5 6. Bxf7+ Nxf7 7. Nxf7 Kxf7
8. Qh5+ g6 9. Qxc5 Qe7 10. Qxd4 Nf6 11. O-O Qxe4 12. Qxe4 Nxe4 13. f3 Nf6 14.
Nc3 d5 15. Bg5 Be6 16. Rfe1 c6 17. Re2 Rhe8 18. Rae1 Bd7 19. Rxe8 Rxe8 20. Rxe8
Nxe8 21. Bf4 Bf5 22. Na4 Bxc2 23. Nc5 b6 24. Nd7 Ke7 25. Nb8 c5 26. Nc6+ Ke6
27. Nxa7 Kf5 28. Bh6 g5 29. Bf8 Kf4 30. Nc8 d4 31. Kf2 d3 32. g3+ Ke5 33. Ke3
Nf6 34. Nxb6 Nd5+ 35. Nxd5 Kxd5 1/2-1/2

[Event "SR 4. liga A21 2017/2018"]
[Site "?"]
[Date "2017.10.29"]
[Round "3.3"]
[White "Klimes, Karel"]
[Black "Valach, Peter"]
[Result "1-0"]
[WhiteElo "1641"]
[BlackElo "1786"]
[PlyCount "65"]
[EventDate "2017.??.??"]

1. d4 Nf6 2. c4 e6 3. Nc3 d5 4. cxd5 exd5 5. Nf3 c6 6. e3 Bg4 7. Be2 Bd6 8. O-O
Nbd7 9. h3 Bh5 10. Nh2 Bxe2 11. Qxe2 O-O 12. Qd3 Re8 13. f3 Qc7 14. Ng4 Nh5 15.
Ne2 Re6 16. e4 Ng3 17. Nxg3 Bxg3 18. e5 c5 19. f4 Bh4 20. f5 Rb6 21. dxc5 Nxc5
22. Qxd5 Rd8 23. Qc4 Na6 24. Qe2 Rc6 25. Rd1 Re8 26. Bf4 Rc2 27. Rd2 Rc4 28. g3
Be7 29. Rad1 h5 30. Ne3 Re4 31. Qxh5 Nb8 32. e6 Rf8 33. Bxc7 1-0

[Event "SR 4. liga A21 2017/2018"]
[Site "?"]
[Date "2017.10.29"]
[Round "3.3"]
[White "Karel, Jozef"]
[Black "Wallner, Juraj"]
[Result "0-1"]
[WhiteElo "1764"]
[BlackElo "1560"]
[PlyCount "96"]
[EventDate "2017.??.??"]

1. e4 c5 2. Nf3 e6 3. d4 d5 4. Nc3 Nf6 5. Bg5 cxd4 6. Nxd4 Be7 7. Bd3 Nc6 8.
Nxc6 bxc6 9. O-O O-O 10. Re1 h6 11. Bh4 Kh8 12. e5 Nd7 13. Bxe7 Qxe7 14. Qh5
Qg5 15. Qxg5 hxg5 16. Re3 g6 17. Ne2 Kg7 18. Nd4 c5 19. Nb5 c4 20. Bf1 a6 21.
Nd4 Nc5 22. f3 Re8 23. c3 Rb8 24. Rb1 Bd7 25. Kf2 Rb6 26. b3 a5 27. Ree1 Reb8
28. Ke3 cxb3 29. axb3 Nxb3 30. Nxb3 Rxb3 31. Rxb3 Rxb3 32. Kd4 a4 33. Ra1 f6
34. exf6+ Kxf6 35. c4 dxc4 36. Bxc4 Rb2 37. Ra2 Rxa2 38. Bxa2 e5+ 39. Ke3 Be6
40. Bxe6 Kxe6 41. Kd3 Kd5 42. Kc3 Kc5 43. g3 a3 44. Kb3 Kd4 45. Kxa3 Ke3 46.
Kb3 Kxf3 47. Kc3 e4 48. Kd2 Kf2 0-1

[Event "SR 4. liga A21 2017/2018"]
[Site "?"]
[Date "2017.10.29"]
[Round "3.3"]
[White "Tomasovic, Roman"]
[Black "Sulko, Vit"]
[Result "1/2-1/2"]
[WhiteElo "1559"]
[BlackElo "1670"]
[PlyCount "71"]
[EventDate "2017.??.??"]

1. d4 d5 2. c4 Nf6 3. e3 e6 4. Nf3 b6 5. cxd5 Nxd5 6. Nc3 Bb4 7. Bd2 Bxc3 8.
Bxc3 Nxc3 9. bxc3 O-O 10. Bd3 Bb7 11. Qc2 g6 12. Be4 Bxe4 13. Qxe4 Nd7 14. O-O
c5 15. Rab1 Nf6 16. Qc2 Rc8 17. Qa4 Qd7 18. Qxd7 Nxd7 19. Rfc1 Nf6 20. Nd2 Rc6
21. Nb3 cxd4 22. cxd4 Rfc8 23. Kf1 Ne4 24. Rxc6 Rxc6 25. Rc1 Rxc1+ 26. Nxc1 Nc3
27. Ke1 b5 28. f3 b4 29. Kd2 f5 30. Kd3 a5 31. a3 Nd5 32. axb4 axb4 33. g3 Kf7
34. e4 fxe4+ 35. fxe4 Nb6 36. Nb3 1/2-1/2